Whiteboard animation als Werkzeug zur Wissensvermittlung am beispiel des "deutsch Detektivs"
Whiteboard animation ako nová technika, ktorá umožňuje jej užívateľom vytvárať audiovizuálne obsahy, napr. na vzdelávacie účely. Prehľad o zrealizovanom microlearningovom projekte na úrovni pokročilej nemeckej gramatiky, ktorý bol realizovaný s použitím príslušného softvéru a opisuje hlavné kroky pr...
Guardado en:
| Autor principal: | |
|---|---|
| Formato: | Capítulo de libro |
| Lenguaje: | alemán |
| Materias: | |
| Etiquetas: |
Sin Etiquetas, Sea el primero en etiquetar este registro!
|
MARC
| LEADER | 00000nla a2200000 4500 | ||
|---|---|---|---|
| 001 | 0223236 | ||
| 005 | 20240502073643.2 | ||
| 041 | 0 | |a ger | |
| 044 | |a SK | ||
| 245 | 1 | 0 | |a Whiteboard animation als Werkzeug zur Wissensvermittlung am beispiel des "deutsch Detektivs" |c Richard Hahn |
| 520 | |a Whiteboard animation ako nová technika, ktorá umožňuje jej užívateľom vytvárať audiovizuálne obsahy, napr. na vzdelávacie účely. Prehľad o zrealizovanom microlearningovom projekte na úrovni pokročilej nemeckej gramatiky, ktorý bol realizovaný s použitím príslušného softvéru a opisuje hlavné kroky procesu navrhovania audiovizuálnych obsahov. | ||
| 610 | 2 | 0 | |a vzdelávanie |
| 610 | 2 | 0 | |a technológie nové |
| 610 | 2 | 0 | |a technológie informačné |
| 610 | 2 | 0 | |a technológie komunikačné |
| 610 | 2 | 0 | |a softvér |
| 610 | 2 | 0 | |a gramatika |
| 610 | 2 | 0 | |a nemčina |
| 100 | 1 | |a Hahn, Richard | |